Russische Malereiheute (Record no. 2351)

MARC details
000 - LÍDER
campo de control de longitud fija 00827nam a2200205Ia 4500
008 - ELEMENTOS DE DATOS DE LONGITUD FIJA - INFORMACIÓN GENERAL
campo de control de longitud fija 0000001982 fi a 0000000000ger00
090 ## - NÚMERO DE LLAMADA DE TIPO LC LOCALMENTE ASIGNADO (OCLC)
Número de clasificación (OCLC) (R) PRU00 R87
245 10 - TÍTULO DECLARACIÓN
Título Russische Malereiheute
Declaración de responsabilidad / fotos Robert Lebech, Thomas Kaimer, Jurgen Aick
260 ## - PUBLICACIÓN, DISTRIBUCIÓN
Lugar de publicación Helsinki : [s.n.]
Fecha de publicación 1982
300 ## - DESCRIPCIÓN FÍSICA
Alcance 24 p.
Dimensiones / 20 cm.
500 ## - NOTA GENERAL
Nota general Con el patronazgo del maestro venezolano Jesús Rafael Soto (q.e.p.d.)
505 ## - NOTA DE CONTENIDO FORMATEADA
Nota sobre el contenido formateado Mikhall S. Borisow Georgy Petrovich Kichigin Boris Vladimirovich Okorokow Yanis Arturovich Strupullis Toomas Endelevich Vint I. Oskarovich Wetsozols
650 14 - ENTRADA DE SUJETO AÑADIDO - TÉRMINO TÓPICO
Término tópico o elemento de entrada del nombre geográfico ARTE CONTEMPORANEO RUSO
650 14 - ENTRADA DE SUJETO AÑADIDO - TÉRMINO TÓPICO
Subdivisión general CATALOGOS
650 14 - ENTRADA DE SUJETO AÑADIDO - TÉRMINO TÓPICO
Término tópico o elemento de entrada del nombre geográfico PINTORES LETONES
650 14 - ENTRADA DE SUJETO AÑADIDO - TÉRMINO TÓPICO
Término tópico o elemento de entrada del nombre geográfico PINTORES RUSOS
650 14 - ENTRADA DE SUJETO AÑADIDO - TÉRMINO TÓPICO
Término tópico o elemento de entrada del nombre geográfico PINTURA LETONA
650 14 - ENTRADA DE SUJETO AÑADIDO - TÉRMINO TÓPICO
Término tópico o elemento de entrada del nombre geográfico PINTURA RUSA
700 1# - ENTRADA AGREGADA - NOMBRE PERSONAL
Nombre de la persona Lebech, Robert \ Kaimer, Thomas \ Aick, Jurgen
Holdings
Estado de retirada Pérdida de estatus Estado dañado No para préstamo Código de recogida Ubicación permanente Ubicación actual Ubicación de las estanterías Fecha de adquisición Número de llamada completo Código de barras Fecha de la última vez que se vio Número de copia Precio efectivo desde Tipo de artículo Koha
        General ArtNexus ArtNexus General 06/09/2022 P-RU-00 R87 2352 06/09/2022 Ej.1 06/09/2022 Libro

Powered by Koha